| 000 | 00725nas a2200229 4500 | ||
|---|---|---|---|
| 001 | BR5400334 | ||
| 003 | BR-BrBNA | ||
| 005 | 20231205081949.0 | ||
| 007 | ta | ||
| 008 | 230509b bl.|||p| |||| 00| 00por d | ||
| 040 |
_aBR-BrBNA _bpor _cBiblioteca Nacional de Agricultura |
||
| 041 | _a(Pt) | ||
| 072 | _aH10 | ||
| 100 | 1 | _aLavigne, G.L. | |
| 245 | 1 | _aHellula phidilealis Walker, 1959 (Lepidoptera, Pyraustidae)praga de cruciferas cultivadas, na Bahia - Brasil | |
| 650 | _aCOUVE | ||
| 650 | _aLEPIDOPTERO | ||
| 650 | _aBAHIA | ||
| 773 | 0 |
_tBoletim do Instituto Biologico da Bahia (Brazil) _xISSN 0020-3641 _g(1957-1959), v. 4(1) p. 12-14 _wBR5400334 |
|
| 909 |
_a202311 _bLúcia _c55 _dLúcia Elande |
||
| 942 |
_2AGRIS _n0 _cANA |
||
| 999 |
_c88176 _d88176 |
||